Curso de seguridad y salud en el trabajo

Guardat en:
Dades bibliogràfiques
Autor principal: Montoya Melgar, Alfredo (autor)
Altres autors: Pizá Granados, jaime (autor), Alzaga Ruiz, Icíar (autor)
Format: Llibre
Idioma:espanyol
Publicat: Madrid, España Centro de Estudios Ramón Areces 2004
Matèries:
Etiquetes: Afegir etiqueta
Sense etiquetes, Sigues el primer a etiquetar aquest registre!

MARC

LEADER 00000nam a2200000 a 4500
001 UCK3856
003 CL-VaPUC
005 20240830115116.0
008 050513e20040000SP |||||||||||||||||spa|d
999 |c 312907  |d 312905 
020 |a 848004652X 
040 |c Pontificia Universidad Católica de Valparaíso 
082 0 4 |a 331.2596 MON 2004  |2 21 
100 |a Montoya Melgar, Alfredo  |e autor  |9 572092 
245 1 0 |a Curso de seguridad y salud en el trabajo 
260 0 3 |a Madrid, España  |b Centro de Estudios Ramón Areces  |c 2004 
300 |a 392 páginas 
583 |a last modification  |c 20150119 10:13:39  |k Rodrigo Vera 
650 0 |a Seguridad laboral   |9 462968 
650 0 |a Prevención de riesgos   |9 387495 
650 0 |a Enfermedades profesionales  |9 368084 
650 0 |a Accidentes de trabajo  |9 254901 
650 0 |a Derecho internacional  |9 255637 
650 7 |a DERECHO LABORAL  |2 CL-VaPUC  |9 15 
700 0 |a Pizá Granados, jaime  |e autor  |9 492204 
700 0 |a Alzaga Ruiz, Icíar  |e autor  |9 492205 
942 |c BK  |2 ddc 
945 |d 20050513 00:00:00  |a cmena 
952 |0 0  |1 0  |2 ddc  |4 0  |6 331_259600000000000_MON_2004  |7 0  |8 A  |9 383763  |a BIBDER  |b BIBDER  |d 2019-11-22  |i 4124073  |l 2  |o 331.2596 MON 2004  |p 4124073  |r 2023-10-02  |s 2023-09-27  |t 1  |w 2019-11-22  |y BK  |k DER